Sociálno-zdravotnícke spektrum vedecko-odborný časopis VSŽaSP sv. Alžbety v Bratislave

Bibliographic Details
Other Authors: Oláh, Michal, 1977- (Publishing director), Demková, Lucia (Publishing director), Krčméry, Vladimír, 1960-2022 (Publishing director)
Format: Journal
Language:Slovak
Czech
English
PhysicalDescription:zv. 30 cm
Online vydanie: Sociálno-zdravotnícke spektrum (Online) = ISSN 1339-2379
Published: Bratislava Vysoká škola zdravotníctva a sociálnej práce sv. Alžbety 2013-
ISSN:1339-1577
Subjects:
Online Access:https://sites.google.com/site/szspektrum/aktualne-vydanie

MARC

LEADER 00000cas a2200000 a 4500
001 vtls010638485
003 SK-MaSNL
005 20260228161218.0
008 141125c20139999xo fr|p 0 0slo
022 |a 1339-1577 
040 |a SNK  |b slo  |c SNK  |e AACR2 
041 0 |a slo  |a cze  |a eng  |b eng 
044 |a xo  |c SK 
072 7 |a 613  |x Hygiena. Ľudské zdravie  |2 konspekt 
072 7 |a 614  |x Verejné zdravie a hygiena  |2 konspekt 
072 7 |a 616  |x Patológia. Klinická medicína  |2 konspekt 
072 7 |a 364-1/-7  |x Druhy sociálnej pomoci a služieb  |2 konspekt 
080 |a 050  |2 2011 
080 |a 614.2  |2 2011 
080 |a 364-787.2  |2 2011 
080 |a 616-083  |2 2011 
080 |a 614  |2 2011 
080 |a 616.379-008.64  |2 2001 
080 |a (051)-027.561  |2 2011 
210 0 |a Soc.-zdr. spektrum  |b (Tlačené vyd.) 
222 0 |a Sociálno-zdravotnícke spektrum  |b (Tlačené vydanie) 
245 0 0 |a Sociálno-zdravotnícke spektrum  |b vedecko-odborný časopis VSŽaSP sv. Alžbety v Bratislave 
246 1 3 |a Social health spectrum 
260 |a Bratislava  |b Vysoká škola zdravotníctva a sociálnej práce sv. Alžbety  |c 2013- 
300 |a zv.  |c 30 cm 
310 |a 2x ročne 
362 0 |a Vol. 1, No. 1 (2013)- 
500 |a Vychádza v elektronickej a printovej podobe 
500 |a Šéfred.: 1/2013, Michal Oláh a Lucia Demková ; 2/2013- , Vladimír Krčméry a Lucia Demková 
530 |a Online vydanie: Sociálno-zdravotnícke spektrum (Online) = ISSN 1339-2379 
546 |a Text aj v češ., angl. ; res. v angl. 
650 0 7 |a zdravotníctvo  |2 SNKPH  |9 1269 
650 0 7 |a sociálna pomoc  |2 SNKPH  |9 3736 
650 0 7 |a ošetrovateľstvo  |2 SNKPH  |9 2557 
650 0 7 |a verejné zdravotníctvo  |2 SNKPH  |9 1270 
650 0 7 |a diabetológia  |2 SNKPH  |9 31519 
655 7 |a odborné časopisy  |2 SNKPH  |9 70505 
700 1 |a Oláh, Michal,  |d 1977-  |4 pbd  |9 196218 
700 1 |a Demková, Lucia  |4 pbd  |9 266949 
700 1 |a Krčméry, Vladimír,  |d 1960-2022  |4 pbd  |9 113530 
852 |a Štátna vedecká knižnica v Banskej Bystrici 
856 4 1 |u https://sites.google.com/site/szspektrum/aktualne-vydanie 
910 |a snk 
916 |a 2013 
999 |c 4686  |d 6616 
952 |0 0  |1 0  |4 0  |7 0  |8 0  |a SNK  |b SNK  |d 2019-09-25  |f 1  |i snk2019/23910  |l 0  |o snkČSB 7289/1/2013  |p 17A1383483  |r 2026-02-21 21:52:34  |t No. 1-2  |w 2026-02-21  |y PREZ